|
|
|
|
| LEADER |
00000nab a2200000 a 4500 |
| 001 |
vtls009140696 |
| 003 |
SK-MaSNL |
| 005 |
20260304151314.0 |
| 008 |
250506c2007 xo |||||| | ||00 b|slo |
| 015 |
|
|
|a SNBRB2007/09
|2 snkbucl
|
| 035 |
|
|
|a (uuid)b9b23113-f7f4-49f8-89c7-63b3f6e220a7
|
| 035 |
|
|
|a urn:nbn:sk:snk-ab1knt
|
| 035 |
|
|
|a (urnnbn)urn:nbn:sk:snk:ar-004bpr
|
| 038 |
|
|
|a SNKBUCL
|
| 040 |
|
|
|a SNKBUCL
|b slo
|c SNKBUCL
|e AACR2
|
| 041 |
0 |
|
|a slo
|
| 044 |
|
|
|a xo
|c SK
|
| 080 |
|
|
|a 7.071.1
|2 1997
|
| 080 |
|
|
|a 75.071.1
|2 1997
|
| 100 |
1 |
|
|a Bycko, Michal,
|d 1952-
|4 aut
|9 106420
|
| 245 |
1 |
0 |
|a Andy Warhol - umelec, ktorý sa nedá prehliadnuť
|c Michal Bycko
|
| 300 |
|
|
|b Fotogr.
|
| 600 |
1 |
7 |
|a Warhol, Andy,
|d 1928-1987
|2 snkbucl
|9 97490
|
| 773 |
0 |
|
|t Historická revue
|g Roč. XVIII, č. 7-8 (2007), s. 64-65
|x 1335-6550
|
| 850 |
|
|
|a Slovenská národná knižnica
|
| 852 |
|
|
|a Slovenská národná knižnica
|
| 954 |
|
|
|a odborná, vedecká literatúra pôvodná (slovenská)
|2 lita
|
| 958 |
|
|
|a article27
|
| 958 |
|
|
|a SK
|
| 958 |
|
|
|a US
|
| 958 |
|
|
|a OND
|
| 958 |
|
|
|a EUIPO
|
| 999 |
|
|
|c 2942813
|d 2944743
|